[Event "8th Philadelphia Open"]
[Site "Philadelphia"]
[Date "2014.04.20"]
[Round "8"]
[White "Hughes, John"]
[Black "Santarius, Erik"]
[Result "0-1"]
[WhiteElo "2200"]
[BlackElo "2332"]
[PlyCount "172"]
[EventDate "2014.04.??"]
[EventType "swiss"]
[EventRounds "9"]
[EventCountry "USA"]
[Source "MonRoi"]

1. e4 d5 2. exd5 Qxd5 3. Nf3 Bg4 4. Be2 e6 5. d4 Nf6 6. c4 Qa5+ 7. Bd2 Bb4 8.
Nc3 c6 9. a3 Bxc3 10. Bxc3 Qc7 11. h3 Bxf3 12. Bxf3 Nbd7 13. O-O O-O 14. Re1
Rfe8 15. Qc2 Rac8 16. b3 a6 17. Rac1 Qd6 18. Qb2 Rb8 19. g3 Rbd8 20. Re3 Rb8
21. Bg2 Rbd8 22. Re2 Rc8 23. Rd2 Red8 24. Rcd1 Qc7 25. Rd3 Re8 26. Qa1 Qd6 27.
Kh2 Qc7 28. Bb2 Qd6 29. R1d2 Rb8 30. Qd1 Rbc8 31. Re3 Rcd8 32. Qe2 Rb8 33. f4
h5 34. Re5 g6 35. Qf2 b5 36. d5 exd5 37. cxd5 c5 38. Rde2 Qf8 39. Rxe8 Rxe8 40.
Rxe8 Nxe8 41. f5 Qd6 42. Qe3 Kf8 43. Qh6+ Ke7 44. Qg5+ Kf8 45. Qh6+ Ke7 46. Qh8
Nef6 47. fxg6 fxg6 48. Qg7+ Kd8 49. Bc1 c4 50. bxc4 bxc4 51. Bg5 Kc8 52. Qh8+
Kc7 53. Qa8 Ne5 54. Qa7+ Kc8 55. Qd4 Nfd7 56. Bf4 Qf6 57. Qa7 Kd8 58. Qe3 Ke8
59. Bg5 Qf8 60. Be4 Qd6 61. Bf4 Kf7 62. Qc3 Qf6 63. Qd2 Kg7 64. Bg2 Nd3 65.
Bh6+ Kh7 66. Bg5 Qf5 67. Be7 N7e5 68. d6 Qe6 69. Bf8 Nf7 70. Qc3 Nde5 71. Qd4
Qf6 72. Qc5 Ng5 73. Qc7+ Kg8 74. Be7 Nef3+ 75. Bxf3 Qb2+ 76. Kg1 Nxf3+ 77. Kf1
Nd2+ 78. Ke2 Nb3+ 79. Kf3 Qc3+ 80. Kf4 Qd2+ 81. Ke4 Qd4+ 82. Kf3 Nd2+ 83. Ke2
Qd3+ 84. Ke1 Nf3+ 85. Kf2 Nd4 86. Qd8+ Kh7 0-1

[Event "8th Philadelphia Open"]
[Site "Philadelphia"]
[Date "2014.04.20"]
[Round "8"]
[White "Gu, Christopher"]
[Black "Rubin, Joshua"]
[Result "1-0"]
[WhiteElo "2301"]
[BlackElo "2077"]
[PlyCount "110"]
[EventDate "2014.04.??"]
[EventType "swiss"]
[EventRounds "9"]
[EventCountry "USA"]
[Source "MonRoi"]

1. d4 Nf6 2. c4 g6 3. Nc3 d5 4. cxd5 Nxd5 5. Bd2 Bg7 6. e4 Nb6 7. Be3 O-O 8. h3
N8d7 9. f4 e6 10. Nf3 f5 11. e5 c6 12. Bd3 Nb8 13. g4 Na6 14. a3 Nc7 15. g5
Ncd5 16. Qe2 Kf7 17. h4 Ke7 18. h5 Rh8 19. Kf2 Bd7 20. Bd2 Be8 21. hxg6 hxg6
22. Rxh8 Bxh8 23. Rh1 Bf7 24. Bc4 a5 25. Rc1 Bg7 26. Bxd5 exd5 27. Qd1 Ke6 28.
Na2 Bf8 29. Rc2 Be7 30. Nc1 Nc4 31. Nd3 Qb6 32. Bc1 Rh8 33. Rc3 Qa7 34. a4 Rh3
35. Nc5+ Bxc5 36. dxc5 Rxf3+ 37. Kxf3 Qxc5 38. Qd3 Qf8 39. Kg2 Nb6 40. Qd4 Qb4
41. Qxb4 axb4 42. Rc2 Nxa4 43. b3 Nc3 44. Be3 Kd7 45. Kf3 Nb5 46. Bc5 d4 47.
Rh2 b6 48. Rh7 Ke6 49. Bxb6 Nc3 50. Bxd4 Ne4 51. Ke2 c5 52. Be3 Be8 53. Kd3
Bb5+ 54. Kc2 c4 55. Rb7 Nc3 1-0

[Event "8th Philadelphia Open"]
[Site "Philadelphia"]
[Date "2014.04.20"]
[Round "8"]
[White "Hilby, Craig"]
[Black "Song, Michael"]
[Result "0-1"]
[WhiteElo "2181"]
[BlackElo "2268"]
[PlyCount "88"]
[EventDate "2014.04.??"]
[EventType "swiss"]
[EventRounds "9"]
[EventCountry "USA"]
[Source "MonRoi"]

1. e4 e5 2. Nf3 Nc6 3. Nc3 Nf6 4. Bb5 Bd6 5. d3 a6 6. Ba4 O-O 7. Ne2 b5 8. Bb3
Na5 9. Ng3 Nxb3 10. axb3 Re8 11. O-O Bf8 12. Qe2 d6 13. h3 c5 14. Nh4 g6 15.
Bg5 h6 16. Be3 Nh5 17. Nf3 Nf4 18. Qd2 Qf6 19. Nh2 h5 20. Ne2 Bh6 21. Kh1 g5
22. Nc3 b4 23. Na4 Rb8 24. h4 gxh4 25. g3 Kh7 26. gxf4 exf4 27. Qe2 fxe3 28.
fxe3 Qg6 29. Rg1 Bg5 30. Raf1 Rg8 31. Qf2 Bh3 32. Nf3 f6 33. Nxh4 Bxh4 34. Qxh4
Bxf1 35. Rxg6 Rxg6 36. Qf4 Be2 37. Qxd6 Bf3+ 38. Kh2 Rbg8 39. Qf4 Rg2+ 40. Kh3
Rf2 41. Qc7+ Rg7 42. Qd6 Bg2+ 43. Kh2 Bf1+ 44. Kh1 Be2 0-1

[Event "8th Philadelphia Open"]
[Site "Philadelphia"]
[Date "2014.04.20"]
[Round "8"]
[White "Li, Ruifeng"]
[Black "Melekhina, Alisa"]
[Result "1-0"]
[WhiteElo "2253"]
[BlackElo "2152"]
[PlyCount "74"]
[EventDate "2014.04.??"]
[EventType "swiss"]
[EventRounds "9"]
[EventCountry "USA"]
[Source "MonRoi"]

1. e4 c5 2. Nf3 Nc6 3. d4 cxd4 4. Nxd4 Nf6 5. Nc3 e5 6. Ndb5 d6 7. Bg5 a6 8.
Na3 b5 9. Bxf6 gxf6 10. Nd5 Bg7 11. Bd3 Ne7 12. Nxe7 Qxe7 13. c3 f5 14. Nc2 Qg5
15. O-O f4 16. Kh1 Rg8 17. Nb4 Bf6 18. Rg1 Rg6 19. Be2 Rh6 20. g4 Bd8 21. Nd5
Rh3 22. Rg2 Ra7 23. a4 bxa4 24. Rxa4 f6 25. Rb4 Be6 26. Nb6 Be7 27. Nc4 Rd7 28.
Rb8+ Kf7 29. Nb6 Ra7 30. Bc4 Bxc4 31. Nxc4 Kg7 32. Qd5 Bf8 33. Nxd6 f3 34. Rb7+
Be7 35. Nf5+ Qxf5 36. gxf5+ fxg2+ 37. Kxg2 Rxb7 1-0

[Event "8th Philadelphia Open"]
[Site "Philadelphia"]
[Date "2014.04.20"]
[Round "8"]
[White "Patil, Anuprita"]
[Black "Shetty, Atulya"]
[Result "0-1"]
[WhiteElo "2060"]
[BlackElo "2313"]
[PlyCount "116"]
[EventDate "2014.04.??"]
[EventType "swiss"]
[EventRounds "9"]
[EventCountry "USA"]
[Source "MonRoi"]

1. d4 d5 2. Nf3 Nf6 3. c4 c6 4. Qc2 dxc4 5. Qxc4 Bf5 6. Nc3 e6 7. Qb3 Qb6 8.
Qxb6 axb6 9. Nh4 Bg6 10. Nxg6 hxg6 11. e4 b5 12. f3 Nbd7 13. Be3 Bb4 14. Kd2
Nb6 15. Kc2 Bd6 16. d5 Nbd7 17. dxe6 fxe6 18. h3 Nh5 19. Rg1 Bh2 20. Rh1 Bd6
21. Rg1 Bh2 22. Rh1 Bf4 23. Bf2 Bg3 24. Be3 Bf4 25. Bf2 Ng3 26. Rg1 Be5 27. Ne2
Nxe2 28. Bxe2 Bb8 29. Rgd1 Ba7 30. Be1 Bc5 31. Bc3 e5 32. Rd3 b4 33. Be1 Nf8
34. f4 Ne6 35. Bd2 exf4 36. Bg4 Ke7 37. Bxe6 Kxe6 38. Kb3 g5 39. Bxb4 Bxb4 40.
Kxb4 Rhd8 41. Rxd8 Rxd8 42. Kc3 Ke5 43. Rf1 Rd4 44. Rf3 Kxe4 45. Kc2 Kf5 46.
Rb3 Rd7 47. Rb4 g4 48. g3 g5 49. hxg4+ Kxg4 50. gxf4 gxf4 51. Re4 Kg3 52. Re8
f3 53. Rf8 f2 54. Rg8+ Kh2 55. Rf8 Kg2 56. Rg8+ Kf1 57. Rf8 Rg7 58. Kd2 Kg2 0-1

[Event "8th Philadelphia Open"]
[Site "Philadelphia"]
[Date "2014.04.20"]
[Round "8"]
[White "Song, Edward"]
[Black "Dougherty, Michael"]
[Result "1/2-1/2"]
[WhiteElo "2239"]
[BlackElo "2131"]
[PlyCount "155"]
[EventDate "2014.04.??"]
[EventType "swiss"]
[EventRounds "9"]
[EventCountry "USA"]
[Source "MonRoi"]

1. e4 c5 2. Nf3 d6 3. d4 cxd4 4. Nxd4 Nf6 5. Nc3 Nc6 6. Bg5 Bd7 7. Qd2 Rc8 8.
O-O-O Nxd4 9. Qxd4 Qa5 10. Bxf6 gxf6 11. Kb1 Qc5 12. Qd2 f5 13. exf5 Bg7 14. f6
Bxf6 15. Ne4 Qe5 16. Nxf6+ Qxf6 17. Bd3 h5 18. Rhe1 Rg8 19. f4 Bc6 20. Bf1 h4
21. Re3 Kf8 22. Qf2 e5 23. g3 hxg3 24. hxg3 exf4 25. Bh3 Re8 26. Rxe8+ Kxe8 27.
gxf4 Rh8 28. Qe3+ Kf8 29. Bf1 a6 30. Bd3 Rh1 31. Rxh1 Bxh1 32. a4 Bd5 33. b3
Qc3 34. Qb6 Ke7 35. Ka2 Qc5 36. Qxc5 dxc5 37. a5 Kd6 38. Ka3 Bc6 39. c4 Kc7 40.
b4 cxb4+ 41. Kxb4 Kd6 42. Bf5 Bf3 43. Bh3 Kc6 44. Bf1 Be4 45. Be2 Kd6 46. Bh5
f6 47. Bf7 Bf3 48. c5+ Kc6 49. Kc4 Be2+ 50. Kd4 Bf3 51. Be8+ Kc7 52. Ba4 Bg2
53. Bb3 Kc6 54. Ba4+ Kc7 55. Kc4 Bf3 56. Be8 Bg2 57. Bf7 Kc6 58. Be8+ Kc7 59.
Kd4 Bf3 60. Bg6 Kc6 61. Bd3 Bg2 62. Be2 Bd5 63. Bd1 Bg2 64. Ba4+ Kc7 65. Bb3
Kc6 66. Bc4 Bf3 67. Bd3 Bg2 68. Kc4 Bd5+ 69. Kd4 Bg2 70. Be2 Bd5 71. Bh5 Bg2
72. Be8+ Kc7 73. Ke3 Bd5 74. Kf2 Bc6 75. Bf7 Be4 76. Be8 Bc6 77. Bf7 Be4 78.
Be8 1/2-1/2

[Event "8th Philadelphia Open"]
[Site "Philadelphia"]
[Date "2014.04.20"]
[Round "8"]
[White "Yuvarajan, Prathiba"]
[Black "Hernandez-Camen, Angel"]
[Result "1-0"]
[WhiteElo "2191"]
[BlackElo "2070"]
[PlyCount "66"]
[EventDate "2014.04.??"]
[EventType "swiss"]
[EventRounds "9"]
[EventCountry "USA"]
[Source "MonRoi"]

1. e4 c6 2. d4 d5 3. Nd2 dxe4 4. Nxe4 Bf5 5. Ng3 Bg6 6. h4 h6 7. h5 Bh7 8. Nf3
Nd7 9. Bd3 Bxd3 10. Qxd3 e6 11. Bd2 Ngf6 12. O-O-O Be7 13. Ne4 Nxe4 14. Qxe4
Nf6 15. Qe2 Qd5 16. Kb1 Qe4 17. Qxe4 Nxe4 18. Be3 O-O 19. Ne5 f5 20. Ng6 Rfe8
21. f3 Nf6 22. Rdg1 Nd5 23. Bf2 Bf6 24. g4 a5 25. Re1 b5 26. b4 Nb6 27. Rc1 c5
28. Rhd1 Rad8 29. dxc5 Na4 30. c6 fxg4 31. fxg4 Nb2 32. Rxd8 Rxd8 33. c7 Rc8
1-0

[Event "8th Philadelphia Open"]
[Site "Philadelphia"]
[Date "2014.04.20"]
[Round "8"]
[White "Balakrishnan, Praveen"]
[Black "Lastra, Ricardo"]
[Result "1-0"]
[WhiteElo "2138"]
[BlackElo "2064"]
[PlyCount "37"]
[EventDate "2014.04.??"]
[EventType "swiss"]
[EventRounds "9"]
[EventCountry "USA"]
[Source "MonRoi"]

1. e4 d6 2. d4 Nf6 3. Nc3 e5 4. Nf3 Nbd7 5. Bc4 Be7 6. O-O c6 7. a4 a5 8. Re1
O-O 9. h3 Qc7 10. Be3 h6 11. Nd2 Re8 12. f4 exd4 13. Bxd4 d5 14. exd5 cxd5 15.
Nxd5 Nxd5 16. Bxd5 Qxf4 17. Nc4 Qh4 18. Nd6 Rf8 19. Nf5 1-0

[Event "8th Philadelphia Open"]
[Site "Philadelphia"]
[Date "2014.04.20"]
[Round "8"]
[White "Helfst, Matt"]
[Black "Mujumdar, Sameer"]
[Result "0-1"]
[WhiteElo "1957"]
[BlackElo "2111"]
[PlyCount "36"]
[EventDate "2014.04.??"]
[EventType "swiss"]
[EventRounds "9"]
[EventCountry "USA"]
[Source "MonRoi"]

1. Nf3 d5 2. d4 Nf6 3. g3 Bf5 4. c4 c6 5. b3 e6 6. Bg2 a5 7. O-O Nbd7 8. Nh4
Be4 9. f3 Bg6 10. Nxg6 hxg6 11. e4 dxc4 12. bxc4 e5 13. Be3 exd4 14. Bxd4 Bc5
15. Bxc5 Nxc5 16. Qe2 Qd4+ 17. Qf2 Qxa1 18. Qxc5 Nd7 0-1

[Event "8th Philadelphia Open"]
[Site "Philadelphia"]
[Date "2014.04.20"]
[Round "9.2"]
[White "Friedel, Joshua"]
[Black "Paragua, Mark"]
[Result "1-0"]
[WhiteElo "2500"]
[BlackElo "2495"]
[PlyCount "79"]
[EventDate "2014.04.??"]
[EventType "swiss"]
[EventRounds "9"]
[EventCountry "USA"]
[Source "MonRoi"]
[WhiteClock "0:21:55"]
[BlackClock "0:00:11"]

1. Nf3 d5 2. g3 Nf6 3. Bg2 c6 4. O-O Bg4 5. d3 e6 6. Nbd2 Be7 7. e4 O-O 8. Re1
a5 9. e5 Nfd7 10. Nf1 c5 11. h4 Nc6 12. Bf4 Bxf3 13. Qxf3 b5 14. c4 Nd4 15. Qg4
f5 16. exf6 Nxf6 17. Qd1 Bd6 18. Bxd6 Qxd6 19. cxb5 Nxb5 20. Nd2 e5 21. Rc1 Ra7
22. Nb3 Rc7 23. Nxa5 Ra7 24. Nb3 Rxa2 25. Re2 c4 26. dxc4 dxc4 27. Rd2 Qc7 28.
Bf1 Kh8 29. Rxc4 Qe7 30. Rc6 Nd4 31. Nxd4 exd4 32. Rcc2 h5 33. Rxd4 Ng4 34. Rd5
Qf7 35. Rd8 Ra8 36. Rxa8 Rxa8 37. b4 Rf8 38. Qd4 Qe7 39. Qc5 Qf7 40. Bc4 1-0

[Event "8th Philadelphia Open"]
[Site "Philadelphia"]
[Date "2014.04.20"]
[Round "9.3"]
[White "Margvelashvili, Giorgi"]
[Black "Oleksienko, Mikhailo"]
[Result "1/2-1/2"]
[WhiteElo "2546"]
[BlackElo "2618"]
[PlyCount "28"]
[EventDate "2014.04.??"]
[EventType "swiss"]
[EventRounds "9"]
[EventCountry "USA"]
[Source "MonRoi"]

1. d4 d6 2. Nf3 g6 3. e4 Bg7 4. Nc3 Nf6 5. Be2 O-O 6. O-O a6 7. a4 b6 8. Re1 e6
9. e5 dxe5 10. Nxe5 Bb7 11. Bf3 Bxf3 12. Qxf3 c6 13. Bg5 h6 14. Be3 Nd5 1/2-1/2

[Event "8th Philadelphia Open"]
[Site "Philadelphia"]
[Date "2014.04.20"]
[Round "9.4"]
[White "Panchanathan, Magesh"]
[Black "Sevian, Samuel"]
[Result "0-1"]
[WhiteElo "2557"]
[BlackElo "2438"]
[PlyCount "103"]
[EventDate "2014.04.??"]
[EventType "swiss"]
[EventRounds "9"]
[EventCountry "USA"]
[Source "MonRoi"]
[WhiteClock "0:29:19"]
[BlackClock "0:07:07"]

1. e4 e5 2. Nf3 Nc6 3. Bb5 a6 4. Ba4 Nf6 5. O-O Be7 6. Re1 b5 7. Bb3 O-O 8. a4
b4 9. d3 d6 10. Nbd2 Na5 11. Ba2 c5 12. c3 Rb8 13. Nc4 Qc7 14. Nfd2 Be6 15.
Nxa5 Qxa5 16. Nc4 Qc7 17. Bd2 bxc3 18. bxc3 h6 19. Qc2 Rb7 20. Reb1 Rfb8 21.
Rxb7 Rxb7 22. Ne3 Qc6 23. Re1 Kf8 24. g3 Bd7 25. Ra1 Be6 26. Qd1 Qc8 27. Bc4
Bxc4 28. Nxc4 Qh3 29. f3 h5 30. Qf1 Qe6 31. Qe2 g6 32. Rf1 Kg7 33. h4 Qd7 34.
Ra1 Qh3 35. Be1 Qe6 36. Kg2 Bd8 37. Bf2 Nd7 38. Qa2 f5 39. a5 Kf6 40. Qe2 Bc7
41. exf5 gxf5 42. Qe3 Kf7 43. Qg5 Qg6 44. Ne3 Qxg5 45. hxg5 Kg6 46. f4 Rb5 47.
Nd5 Bd8 48. Be1 Nb8 49. c4 Rb3 50. Bc3 Nc6 51. Kh3 Ne7 52. Rc1 0-1

[Event "8th Philadelphia Open"]
[Site "Philadelphia"]
[Date "2014.04.20"]
[Round "9"]
[White "Plotkin, Victor"]
[Black "Troff, Kayden"]
[Result "0-1"]
[WhiteElo "2218"]
[BlackElo "2477"]
[PlyCount "106"]
[EventDate "2014.04.??"]
[EventType "swiss"]
[EventRounds "9"]
[EventCountry "USA"]
[Source "MonRoi"]

1. e4 c5 2. c3 d5 3. exd5 Qxd5 4. d4 Nc6 5. Nf3 Bf5 6. Be3 Nf6 7. Be2 e6 8. O-O
Ng4 9. Bf4 Be7 10. h3 Nf6 11. Ne5 cxd4 12. Nxc6 Qxc6 13. cxd4 O-O 14. Nc3 Nd5
15. Nxd5 Qxd5 16. Bf3 Be4 17. Bxe4 Qxe4 18. Be3 Bf6 19. Qb3 Bxd4 20. Bxd4 Qxd4
21. Rac1 b6 22. Rfd1 Qe5 23. Qc3 Qb5 24. b3 h6 25. a4 Qa6 26. Rd7 Rac8 27. Rc7
Rcd8 28. Qc4 Qa5 29. Qc3 Qa6 30. Qc4 Qa5 31. Qc3 Qxc3 32. R1xc3 a5 33. Rb7 Rd6
34. Rcc7 g5 35. g3 Kg7 36. Kg2 Kf6 37. g4 Kg6 38. Re7 f5 39. Red7 Rxd7 40. Rxd7
fxg4 41. hxg4 Rf4 42. f3 Rb4 43. Rd3 h5 44. gxh5+ Kxh5 45. Re3 g4 46. Re5+ Kh4
47. Re3 e5 48. Rxe5 Rxb3 49. fxg4 Kxg4 50. Kf2 Kf4 51. Re2 Rb1 52. Re6 Rb4 53.
Ke2 Re4+ 0-1

[Event "8th Philadelphia Open"]
[Site "Philadelphia"]
[Date "2014.04.20"]
[Round "9"]
[White "Santarius, Erik"]
[Black "Ostrovskiy, Aleksandr"]
[Result "0-1"]
[WhiteElo "2332"]
[BlackElo "2442"]
[PlyCount "80"]
[EventDate "2014.04.??"]
[EventType "swiss"]
[EventRounds "9"]
[EventCountry "USA"]
[Source "MonRoi"]

1. d4 d5 2. c4 c6 3. Nf3 Nf6 4. e3 Bf5 5. Nc3 e6 6. Bd3 Bxd3 7. Qxd3 Bb4 8. O-O
Nbd7 9. Bd2 a5 10. a3 Be7 11. e4 Nc5 12. dxc5 dxe4 13. Qxd8+ Rxd8 14. Nxe4 Nxe4
15. Bxa5 Ra8 16. Bb6 Bxc5 17. Bxc5 Nxc5 18. Rad1 Ke7 19. Rd2 Rhd8 20. Rfd1 Rxd2
21. Rxd2 f6 22. Kf1 e5 23. Ke2 Ke6 24. Rc2 g5 25. Nd2 f5 26. Rc3 Kf6 27. Kd1 h5
28. b4 Ne6 29. c5 Rd8 30. f3 Nf4 31. g3 Nd5 32. Rb3 g4 33. Ke2 Nc7 34. fxg4
hxg4 35. Rb1 Nb5 36. Rf1 Rd4 37. Ra1 e4 38. Ke1 Rd3 39. a4 Nd4 40. Ra2 e3 0-1

[Event "8th Philadelphia Open"]
[Site "Philadelphia"]
[Date "2014.04.20"]
[Round "9"]
[White "Harmon Vellotti, Luke"]
[Black "Song, Michael"]
[Result "1/2-1/2"]
[WhiteElo "2399"]
[BlackElo "2268"]
[PlyCount "64"]
[EventDate "2014.04.??"]
[EventType "swiss"]
[EventRounds "9"]
[EventCountry "USA"]
[Source "MonRoi"]

1. e4 e5 2. Nf3 Nc6 3. Bb5 Nf6 4. O-O Nxe4 5. d4 Nd6 6. dxe5 Nxb5 7. a4 Nbd4 8.
Nxd4 Nxd4 9. Qxd4 d5 10. Nc3 c6 11. Be3 Be7 12. f4 Bf5 13. Qd2 O-O 14. Ne2 f6
15. Bd4 fxe5 16. Bxe5 Bf6 17. Bxf6 Qxf6 18. c3 Rae8 19. Rae1 Qd6 20. Nd4 Rxe1
21. Qxe1 Bd3 22. Rf2 Rxf4 23. Qe8+ Rf8 24. Rxf8+ Qxf8 25. Qxf8+ Kxf8 26. Ne6+
Ke7 27. Nc5 Bc2 28. Nxb7 Bxa4 29. Kf2 Kf6 30. Ke3 Ke5 31. h4 Bb5 32. Nc5 Bf1
1/2-1/2

[Event "8th Philadelphia Open"]
[Site "Philadelphia"]
[Date "2014.04.20"]
[Round "9"]
[White "Hua, David"]
[Black "Homa, Seth"]
[Result "1-0"]
[WhiteElo "2222"]
[BlackElo "2343"]
[PlyCount "119"]
[EventDate "2014.04.??"]
[EventType "swiss"]
[EventRounds "9"]
[EventCountry "USA"]
[Source "MonRoi"]

1. e4 e5 2. Nf3 Nc6 3. Bb5 a6 4. Ba4 Nf6 5. d3 d6 6. c4 Be7 7. h3 O-O 8. Be3
Nd7 9. Nc3 Bf6 10. Bxc6 bxc6 11. b4 Re8 12. O-O Nf8 13. Qa4 Bd7 14. Qa5 Ne6 15.
Rfd1 Qc8 16. Kh2 g6 17. Rac1 Bg7 18. c5 Qb7 19. d4 exd4 20. Nxd4 Rad8 21. cxd6
cxd6 22. Nf3 c5 23. Rxd6 cxb4 24. Nd5 Qb8 25. Qb6 Bb5 26. Qxb8 Rxb8 27. g3 a5
28. Nd2 Red8 29. Rxd8+ Rxd8 30. Nc4 Bxc4 31. Rxc4 Bf8 32. Bb6 Ra8 33. f4 f5 34.
Rc6 Kf7 35. exf5 gxf5 36. Rxe6 Kxe6 37. Nc7+ Kd6 38. Nxa8 a4 39. Bd4 Kd5 40.
Be5 Bc5 41. Nc7+ Kc4 42. Ne6 Bb6 43. g4 fxg4 44. hxg4 Kd5 45. Ng5 Bd4 46. Bxd4
Kxd4 47. f5 Ke5 48. Nf3+ Kf6 49. Kg3 h5 50. Kf4 hxg4 51. Kxg4 b3 52. axb3 axb3
53. Nd2 b2 54. Kf4 Kf7 55. Ke5 Ke7 56. f6+ Kf7 57. Kf5 Kf8 58. Ke6 Ke8 59. Nb1
Kf8 60. f7 1-0

[Event "8th Philadelphia Open"]
[Site "Philadelphia"]
[Date "2014.04.20"]
[Round "9"]
[White "Li, Ethan"]
[Black "Chandra, Akshat"]
[Result "0-1"]
[WhiteElo "2104"]
[BlackElo "2370"]
[PlyCount "100"]
[EventDate "2014.04.??"]
[EventType "swiss"]
[EventRounds "9"]
[EventCountry "USA"]
[Source "MonRoi"]

1. d4 Nf6 2. c4 e6 3. Nf3 d5 4. g3 Bb4+ 5. Bd2 Be7 6. Bg2 O-O 7. O-O c6 8. Qc2
b6 9. Rd1 Nbd7 10. Ne5 Bb7 11. Bf4 Rc8 12. Qa4 a6 13. Nxd7 Nxd7 14. cxd5 cxd5
15. Qb3 b5 16. a4 b4 17. Nd2 a5 18. Rac1 g5 19. Be3 Ba6 20. Bf1 Nb6 21. Qa2 Nc4
22. Nxc4 dxc4 23. Bg2 Qd7 24. d5 h6 25. dxe6 Qxe6 26. Bd5 Qg4 27. Qb1 Kg7 28.
Bd4+ Bf6 29. Bxf6+ Kxf6 30. Qh7 Qf5 31. Qxh6+ Qg6 32. Qh3 Kg7 33. Bf3 Rcd8 34.
Qf1 Qf6 35. Rc2 Rd4 36. Rxd4 Qxd4 37. Qc1 Qf6 38. Bd5 Rc8 39. Be4 Qe5 40. Bf3
c3 41. bxc3 bxc3 42. Kg2 Rc5 43. Qa3 Qd4 44. h3 Bc8 45. g4 Be6 46. Qa1 Bb3 47.
Rc1 Bxa4 48. e3 Qb4 49. Rb1 Bb3 50. Bd1 a4 0-1

[Event "8th Philadelphia Open"]
[Site "Philadelphia"]
[Date "2014.04.20"]
[Round "9"]
[White "Rudakov, Alex"]
[Black "Li, Ruifeng"]
[Result "1/2-1/2"]
[WhiteElo "2338"]
[BlackElo "2253"]
[PlyCount "65"]
[EventDate "2014.04.??"]
[EventType "swiss"]
[EventRounds "9"]
[EventCountry "USA"]
[Source "MonRoi"]

1. e4 c5 2. Nf3 d6 3. Bb5+ Nd7 4. d4 cxd4 5. Qxd4 a6 6. Bxd7+ Bxd7 7. O-O e5 8.
Qd3 Rc8 9. a4 h6 10. c4 Nf6 11. Nc3 Be7 12. b3 O-O 13. Ba3 Be6 14. Rfd1 Qa5 15.
Nd2 Qb6 16. Nf1 Ng4 17. Qc2 Qc6 18. h3 Nf6 19. a5 Rfd8 20. Ne3 Bf8 21. Ncd5
Bxd5 22. Nxd5 Nxd5 23. Rxd5 Re8 24. Qd3 Re6 25. Rd1 Qc7 26. Qe2 Qb8 27. R1d3
Rc6 28. Qd2 Qc7 29. Qe3 Qb8 30. Rc3 Qc8 31. Qd2 Be7 32. Rcd3 Qf8 33. Rf3
1/2-1/2

[Event "8th Philadelphia Open"]
[Site "Philadelphia"]
[Date "2014.04.20"]
[Round "9"]
[White "Shetty, Atulya"]
[Black "Yuvarajan, Prathiba"]
[Result "1/2-1/2"]
[WhiteElo "2313"]
[BlackElo "2191"]
[PlyCount "111"]
[EventDate "2014.04.??"]
[EventType "swiss"]
[EventRounds "9"]
[EventCountry "USA"]
[Source "MonRoi"]

1. c4 e6 2. Nf3 d5 3. b3 c5 4. g3 Nc6 5. e3 d4 6. exd4 cxd4 7. Bg2 Nf6 8. O-O
Bd6 9. d3 O-O 10. Na3 Re8 11. Nc2 e5 12. a3 h6 13. b4 Bc7 14. Re1 Bg4 15. h3
Bh5 16. Bb2 Nd7 17. Qd2 f5 18. Rf1 Nf6 19. Rae1 Qd7 20. b5 Nd8 21. a4 Nf7 22.
Qb4 Bd6 23. Qb3 Bc5 24. Nd2 Rad8 25. Nb4 Bxb4 26. Qxb4 e4 27. dxe4 fxe4 28.
Nxe4 Nxe4 29. Rxe4 Rxe4 30. Bxe4 Qxh3 31. Bg2 Qf5 32. c5 d3 33. Qc3 Qg5 34.
Bxb7 d2 35. Bf3 d1=Q 36. Rxd1 Rxd1+ 37. Bxd1 Bxd1 38. c6 Bg4 39. c7 Bc8 40. Qd4
Qf6 41. Qxf6 gxf6 42. Bxf6 Nd6 43. Be5 Nc4 44. Bd4 a6 45. bxa6 Bxa6 46. g4 Kf7
47. Kg2 Kg6 48. Kg3 Nd6 49. f3 h5 50. Kf4 hxg4 51. fxg4 Bc8 52. Bb6 Nf7 53. Be3
Ng5 54. Ke5 Ne6 55. Kd6 Nxc7 56. Kxc7 1/2-1/2

[Event "8th Philadelphia Open"]
[Site "Philadelphia"]
[Date "2014.04.20"]
[Round "9"]
[White "Yanayt, Eugene"]
[Black "Hilby, Craig"]
[Result "0-1"]
[WhiteElo "2237"]
[BlackElo "2181"]
[PlyCount "63"]
[EventDate "2014.04.??"]
[EventType "swiss"]
[EventRounds "9"]
[EventCountry "USA"]
[Source "MonRoi"]

1. d4 Nf6 2. c4 c5 3. d5 e6 4. Nc3 exd5 5. cxd5 d6 6. Nf3 g6 7. Nd2 Bg7 8. e4
O-O 9. Be2 Na6 10. O-O Nc7 11. a4 Re8 12. Re1 b6 13. Qc2 Nd7 14. Nc4 Ne5 15.
Ne3 h5 16. Qd1 Qf6 17. f4 Ng4 18. Nxg4 hxg4 19. e5 Qd8 20. Bb5 Nxb5 21. Nxb5
dxe5 22. d6 Re6 23. Qd5 Rb8 24. fxe5 Bb7 25. Qc4 a6 26. Nc7 Rxe5 27. Rf1 Qxd6
28. Qxf7+ Kh7 29. Bf4 Qd4+ 30. Kh1 Re2 31. Rg1 Rf8 32. Qa2 0-1

[Event "8th Philadelphia Open"]
[Site "Philadelphia"]
[Date "2014.04.20"]
[Round "9"]
[White "Mujumdar, Sameer"]
[Black "Song, Edward"]
[Result "0-1"]
[WhiteElo "2111"]
[BlackElo "2239"]
[PlyCount "56"]
[EventDate "2014.04.??"]
[EventType "swiss"]
[EventRounds "9"]
[EventCountry "USA"]
[Source "MonRoi"]

1. c4 Nf6 2. Nc3 e5 3. g3 Bc5 4. Bg2 Nc6 5. e3 O-O 6. Nge2 d6 7. O-O a6 8. d3
Ba7 9. Rb1 Bf5 10. Nd5 Nxd5 11. cxd5 Ne7 12. e4 Bd7 13. Kh1 f5 14. b3 fxe4 15.
dxe4 Bxf2 16. Bg5 h6 17. Bd2 Bb6 18. Nc3 c5 19. Qh5 Rxf1+ 20. Rxf1 Qe8 21. Qh4
Bd8 22. Bh3 Nxd5 23. Bxd7 Qxd7 24. Qh5 Nxc3 25. Bxh6 Bf6 26. Rxf6 gxf6 27. Qg6+
Kh8 28. Qxf6+ Kh7 0-1

[Event "8th Philadelphia Open"]
[Site "Philadelphia"]
[Date "2014.04.20"]
[Round "9"]
[White "Abe, Mahiro"]
[Black "Patil, Anuprita"]
[Result "1-0"]
[WhiteElo "2082"]
[BlackElo "2060"]
[PlyCount "139"]
[EventDate "2014.04.??"]
[EventType "swiss"]
[EventRounds "9"]
[EventCountry "USA"]
[Source "MonRoi"]

1. e4 c5 2. c3 Nf6 3. e5 Nd5 4. Nf3 e6 5. d4 cxd4 6. cxd4 d6 7. Bc4 Nb6 8. Bd3
Nc6 9. a3 Nd7 10. exd6 Bxd6 11. O-O Nf6 12. Nc3 O-O 13. Bg5 Be7 14. b4 Nd5 15.
Ne4 Bxg5 16. Nexg5 h6 17. Ne4 Nf4 18. Bc2 Nxd4 19. Nxd4 Qxd4 20. Qf3 Nd5 21.
Rad1 Qe5 22. Rfe1 Qf4 23. Qd3 g6 24. g3 Qe5 25. Qf3 Qg7 26. Bb3 Nc7 27. Nd6 Rb8
28. Rc1 Nd5 29. Bxd5 exd5 30. Rc7 h5 31. Nxc8 Rfxc8 32. Ree7 Rxc7 33. Rxc7 Rd8
34. Rxb7 d4 35. Qd3 Rc8 36. Rxa7 Rc1+ 37. Kg2 Rc3 38. Qe4 Qf6 39. Rd7 Rc4 40.
Qe8+ Kg7 41. Rd8 Kh7 42. h4 Rc3 43. Qg8+ Kh6 44. Qh8+ Qxh8 45. Rxh8+ Kg7 46.
Ra8 Kf6 47. b5 Ke5 48. a4 Rb3 49. Rb8 Kd6 50. b6 Kc6 51. a5 Ra3 52. Ra8 Ra2 53.
Rc8+ Kb7 54. Rc7+ Kb8 55. Rxf7 Rxa5 56. Kf1 g5 57. hxg5 Rxg5 58. Ke2 Rg6 59. b7
h4 60. gxh4 Rh6 61. Kd3 Rxh4 62. f4 Rh8 63. Kxd4 Ka7 64. Ke5 Kb6 65. f5 Kc6 66.
Ke6 Re8+ 67. Re7 Rg8 68. f6 Rb8 69. f7 Rh8 70. Re8 1-0

[Event "8th Philadelphia Open"]
[Site "Philadelphia"]
[Date "2014.04.20"]
[Round "9"]
[White "Hernandez-Camen, Angel"]
[Black "Kobs, Stephan"]
[Result "1-0"]
[WhiteElo "2070"]
[BlackElo "1957"]
[PlyCount "77"]
[EventDate "2014.04.??"]
[EventType "swiss"]
[EventRounds "9"]
[EventCountry "USA"]
[Source "MonRoi"]

1. Nf3 Nf6 2. c4 g6 3. d4 c5 4. Nc3 cxd4 5. Nxd4 Bg7 6. e4 d6 7. Be2 O-O 8. O-O
Nc6 9. Be3 Nxd4 10. Bxd4 Bd7 11. Qd2 Bc6 12. f3 Nd7 13. Be3 b6 14. b3 Bb7 15.
Rac1 Rc8 16. Kh1 Nc5 17. b4 Ne6 18. Rfd1 Nc7 19. Qe1 Qe8 20. c5 bxc5 21. bxc5
dxc5 22. Bxc5 a6 23. Nd5 Nxd5 24. exd5 Bh6 25. Rc3 Bg7 26. Rcc1 Bh6 27. Rc4 Qd7
28. Qh4 Rxc5 29. Rxc5 Bg7 30. Qf4 e5 31. Qc4 Qd6 32. Rc7 Ba8 33. Qc5 Qf6 34.
Rc8 Bb7 35. Rxf8+ Bxf8 36. Qc7 Qe7 37. d6 Qxc7 38. dxc7 Be7 39. Rd8+ 1-0